Canada: Flags of the Provinces and Territories - Statistics

General Stats
  • This quiz has been taken 38 times
  • The average score is 10 of 13
Answer Stats
Picture Answer % Correct
Québec
96%
British Columbia
89%
Alberta
82%
Nova Scotia
82%
Ontario
82%
Saskatchewan
82%
Manitoba
79%
New Brunswick
75%
Newfoundland and Labrador
71%
Nunavut
68%
Prince Edward Island
64%
Northwest Territories
57%
Yukon
57%
No matching quizzes found
Score Distribution
Percent of People with Each Score
Percentile by Number Answered
Your Score History
You have not taken this quiz